| 000 | 00346nam a22001457a 4500 | ||
|---|---|---|---|
| 020 | _a0-14-013835-8 | ||
| 082 |
_a900 _bTHA/H |
||
| 100 | _aTHAPAR, ROMILA | ||
| 245 |
_aA HISTORY OF INDIA _bVOLUME ONE |
||
| 250 | _aTWELFTH IMPRESSION | ||
| 260 |
_aDELHI _bPENGUIN BOOKS _c2002 |
||
| 300 | _a381 | ||
| 650 |
_aHISTORY REFERENCE _zINDIA |
||
| 942 | _cBK | ||
| 999 |
_c1551 _d1551 |
||